Our Song - Taylor Swift (All Lyrics) - Statistics

General Stats
  • This quiz has been taken 178 times
    149 since last reset
  • The average score is 338 of 375
Answer Stats
Lyrics % Correct
I
100%
a
99%
on
99%
the
99%
The
99%
He
98%
he
98%
is
98%
of
96%
Our
96%
our
96%
song
96%
was
96%
car
95%
don't
95%
got
95%
Got
95%
hair
95%
my
95%
When
95%
when
95%
you
95%
your
95%
an
94%
And
94%
and
94%
door
94%
front
94%
his
94%
In
94%
in
94%
it
94%
ridin'
94%
undone
94%
we
94%
with
94%
as
93%
'Cause
93%
it's
93%
know
93%
late,
93%
late
93%
said,
93%
said
93%
screen
93%
seat
93%
slamming
93%
window
93%
again
91%
again,
91%
could
91%
hand
91%
have
91%
have"
91%
one
91%
real
91%
say,
91%
shotgun
91%
slow
91%
talk
91%
Askin'
90%
Da
90%
da
90%
home,
90%
if
90%
mama
90%
out
90%
phone
90%
play
90%
Play
90%
Sneakin'
90%
tapping
90%
thinkin'
90%
"Amen"
89%
didn't
89%
God
89%
How
89%
just
89%
other
89%
should
89%
way
89%
we're
89%
wheel
89%
down
88%
He's
88%
kiss
88%
steering
88%
for
86%
heart
86%
her
86%
says,
86%
says
86%
somethin'
86%
"Baby,
85%
first
85%
laugh
85%
something
85%
wrong?"
85%
wrong
85%
look
84%
"Nothin',
84%
that
84%
That
84%
to
84%
all
83%
date,
83%
radio
83%
good
81%
"Man,
81%
turn
81%
wrote
81%
him
80%
talks
80%
day
79%
oh
79%
Oh,
79%
oh,
79%
around,
78%
every
78%
'fore
78%
come
76%
yeah
76%
everything
75%
laughs
75%
notice
75%
pen
75%
roses
75%
almost
74%
I've
74%
napkin
74%
along
73%
note
73%
old
73%
bed
71%
feel
71%
Had
71%
lovin'
71%
porch
71%
up
71%
grabbed
70%
heard
70%
well
70%
After
68%
album,
68%
away
68%
gone
66%
listened
66%
been
65%
lost
65%
thrown
65%
walking
65%
steps
64%
trampled
64%
hallway,
60%
Waited
41%
No matching quizzes found
Score Distribution
Percent of People with Each Score
Percentile by Number Answered
Your Score History
You have not taken this quiz since the last reset